| 000 | 01436nam a2200349 i 4500 | ||
|---|---|---|---|
| 005 | 20220317002037.0 | ||
| 007 | ta | ||
| 008 | 201109m19932016ck a er 001 pdspa d | ||
| 020 | _a9789587743708 | ||
| 040 |
_aCO-BoRNBP _bspa _erda _cCO-BoRNBP |
||
| 041 | 1 |
_aspa _hdut |
|
| 084 | _aP NOO1 | ||
| 100 | 1 |
_aNooteboom, Cees _d1933- _eautor |
|
| 245 | 1 | 0 |
_aAutorretrato de otro _bsueños de la isla y la ciudad de antaño _cCees Nooteboom ; dibujos de Max Neumann ; prólogo de Alberto Manguel ; traducción de Fernando García de la Banda |
| 250 | _aSegunda edición | ||
| 264 | 1 |
_aBogotá _bUniversidad de los Andes _bCasa de Poesía Silva _c1993 _c2016 |
|
| 300 |
_a123 páginas _c23 cm |
||
| 336 |
_2rdacontent _atexto _btxt |
||
| 337 |
_2rdamedia _asin mediación _bn |
||
| 338 |
_2rdacarrier _avolumen _bnc |
||
| 521 | _aRecomendado para público adulto | ||
| 534 | _tZelfportret van een ander. Dromen van het eiland en de stad van vroeger | ||
| 545 | _aIncluye datos biográficos del autor, ilustrador, prologuista y traductor en las solapas | ||
| 650 | 1 | 7 |
_2LEMB _aPoesía holandesa _ySiglo XX |
| 650 | 1 | 7 |
_2LEMB _aLiteratura holandesa _ySiglo XX |
| 650 | 1 | 7 |
_2LEMB _aAutores holandeses _ySiglo XX |
| 650 | 1 | 7 |
_2LEMB _aPaisaje _vPoesía |
| 700 | 1 |
_aNeumann, Max _eilustrador _9161445 |
|
| 700 | 1 |
_aManguel, Alberto _d1948- _eprologuista _912334 |
|
| 700 | 1 |
_aGarcía de la Banda, Fernando _etraductor _9161446 |
|
| 942 |
_2loc _cBKLIT |
||
| 999 |
_c8995 _d8995 |
||